Diferencias de cambio sobre inversiones en el exterior. Algunas consideraciones emergentes de un reciente antecedente (Registro nro. 13098)
[ vista simple ]
| 000 -LEADER | |
|---|---|
| fixed length control field | 00403 a2200109 4500 |
| 001 - CONTROL NUMBER | |
| control field | ART_7894 |
| 005 - DATE AND TIME OF LATEST TRANSACTION | |
| control field | 20260410161638.0 |
| 008 - FIXED-LENGTH DATA ELEMENTS--GENERAL INFORMATION | |
| fixed length control field | 260409a |
| 100 1# - MAIN ENTRY--PERSONAL NAME | |
| Personal name | Calcagno, Gabriel A |
| 245 10 - TITLE STATEMENT | |
| Title | Diferencias de cambio sobre inversiones en el exterior. Algunas consideraciones emergentes de un reciente antecedente |
| 773 0# - HOST ITEM ENTRY | |
| Title | Consultor tributario |
| Related parts | - Vol. 2, Nº 17 (jul. 2008) |
| Record control number | REV474 |
No hay ítems disponibles.